Statistiques concernant Vainqueurs de la Coupe du Président (LHJMQ)

Cliquez ici pour prendre le quiz!

Statistiques générales

  • Ce quiz a été pris 38 fois
  • Le résultat moyen est 15 sur 20

Statistiques - réponses

AnnéeÉquipe% Correct
2018-2019Huskies
96%
2015-2016Huskies
96%
2004-2005Océanic
92%
1999-2000Océanic
92%
2014-2015Océanic
92%
2013-2014Foreurs
84%
2000-2001Foreurs
84%
2011-2012Sea Dogs
84%
2010-2011Sea Dogs
84%
2016-2017Sea Dogs
84%
2012-2013Mooseheads
80%
2008-2009Voltigeurs
80%
2017-2018Titan
76%
2001-2002Tigres
68%
2007-2008Olympiques
60%
2003-2004Olympiques
60%
2002-2003Olympiques
60%
2009-2010Wildcats
60%
2005-2006Wildcats
60%
2006-2007Maineiacs
20%

Distribution des résultats

Percentile par nombre de réponses

% des personnes avec chaque résultat

Votre développement - résultats

Vous n’avez pas pris ce quiz